L'evangile sans transiger /

Tallennettuna:
Bibliografiset tiedot
Päätekijä: Doherty, Catherine de Hueck (autor)
Aineistotyyppi: Kirja
Kieli:ranska
Julkaistu: París, Francia : Editions du Cerf, 1979, c1979
Sarja:(Epiphanie)
Aiheet:
Tagit: Lisää tagi
Ei tageja, Lisää ensimmäinen tagi!

MARC

LEADER 00000nam^a2200000^a^4500
001 000318108
005 20250521000000.0
009 20260310113402.363
020 |a 2-204-01418-4 
025 |a Donación Jesús Vergara Aceves, 1 ejemplar 
037 |a Acervo Xavier Clavigero 
041 |a FRA 
082 |a 261.  |b DOH 
100 |a Doherty, Catherine de Hueck  |e (autor) 
245 1 1 |a L'evangile sans transiger /  |c C.H. Doherty ; pref. de John T. Callahan. 
264 4 |a París, Francia :  |b Editions du Cerf,  |c 1979, c1979 
300 |a 192 p. 
336 |a texto  |b txt  |2 rdacontenido 
337 |a sin mediación  |b n  |2 rdamedio 
338 |a volumen  |b nc  |2 rdasoporte 
440 1 |a (Epiphanie) 
500 |a Traducción de: The Gospel without Compromise 
649 |a XX 
650 |a Cristianismo y Sociedad -  |x Tema Principal 
650 |a Vida Cristiana 
650 |a Compromiso (Etica) 
650 |a Modernidad y Posmodernidad 
650 |a Iglesia Católica 
650 |a Catolicismo 
650 |a Cristianismo 
650 |a Religión 
910 |a Fondo Jesús Vergara Aceves S.J. 
920 |a Impresos - Libros 
930 |a Fondos Especiales 
905 |a 119 
901 |a 0500205181  |b IT2  |c ESP  |i D  |u 20250521 
902 |a https://opac.biblio.iteso.mx/vufind/Record/000318108